Implementácia experimentálneho postkvantového protokolu
Salvato in:
| Autore principale: | |
|---|---|
| Altri autori: | |
| Natura: | Manoscritto Libro |
| Lingua: | slovacco |
| Pubblicazione: |
2019
|
| Soggetti: | |
| Accesso online: | http://is.stuba.sk/zp/portal_zp.pl?podrobnosti=144455 |
| Tags: |
Nessun Tag, puoi essere il primo ad aggiungerne!!
|
MARC
| LEADER | 00000ntm a22000003a 4500 | ||
|---|---|---|---|
| 001 | stuzp71628 | ||
| 003 | SK-STU | ||
| 005 | 20190823114750.8 | ||
| 007 | ta | ||
| 008 | 150427s2015----xo-----f-mn---000-0-slo-d | ||
| 040 | |a STU |b slo | ||
| 041 | 0 | |a slo | |
| 044 | |a xo | ||
| 100 | 1 | |a Novotný, Martin |u 035000 |k Z4 |4 aut |U FEI Fakulta elektrotechniky a informatiky |T FEI Ústav informatiky a matematiky |X 74774 |U E050 |Y 816 |7 74774 | |
| 242 | 0 | 1 | |a Implementation of the experimental post-quantum protocol |y eng |
| 245 | 1 | 0 | |a Implementácia experimentálneho postkvantového protokolu |
| 260 | |c 2019 | ||
| 300 | |a 50 s., príl., |b CD-ROM | ||
| 650 | 4 | |a verifikácia |2 slo | |
| 650 | 4 | |a podpis |2 slo | |
| 650 | 4 | |a BIKE |2 slo | |
| 650 | 4 | |a TLS |2 slo | |
| 650 | 4 | |a Merkleho strom |2 slo | |
| 650 | 4 | |a signature |2 eng | |
| 650 | 4 | |a Merkle tree |2 eng | |
| 650 | 4 | |a verification |2 eng | |
| 650 | 4 | |a BIKE |2 eng | |
| 650 | 4 | |a TLS |2 eng | |
| 700 | 1 | |a Zajac, Pavol |u 035000 |k Z1 |4 ths |U FEI Fakulta elektrotechniky a informatiky |T FEI Ústav informatiky a matematiky |X 10218 |U E050 |Y 816 |7 A000010218 | |
| 856 | 4 | |u http://is.stuba.sk/zp/portal_zp.pl?podrobnosti=144455 | |
| 996 | |b 284EP12366 |c E*DIPL- 12366 |l EE35 |s P |a 0 |w stuzp71628_0001 | ||